<?xml version="1.0" encoding="UTF-8"?>
<collection xmlns="http://www.loc.gov/MARC21/slim">
 <record>
  <leader>00535pamaa2200157   4500</leader>
  <controlfield tag="001">0000021159</controlfield>
  <controlfield tag="005">20070116090000.0</controlfield>
  <datafield tag="020" ind1="0" ind2="0">
   <subfield code="a">0521207975 (hard) </subfield>
  </datafield>
  <datafield tag="082" ind1=" " ind2=" ">
   <subfield code="a">920.72 COR 1975</subfield>
  </datafield>
  <datafield tag="090" ind1="0" ind2="0">
   <subfield code="a">PR6005.O64 </subfield>
   <subfield code="b">COR 1975</subfield>
  </datafield>
  <datafield tag="100" ind1="1" ind2="0">
   <subfield code="a">CORKE </subfield>
  </datafield>
  <datafield tag="245" ind1="1" ind2="0">
   <subfield code="a">In our infancy : </subfield>
   <subfield code="b">an autobiography, part 1 : 1882-1912  </subfield>
   <subfield code="c">Helen Corke.</subfield>
  </datafield>
  <datafield tag="260" ind1="0" ind2="0">
   <subfield code="a">Cambridge [Eng.] : Cambridge University Press, 1975.</subfield>
  </datafield>
  <datafield tag="300" ind1=" " ind2=" ">
   <subfield code="a">xi, 236p.: </subfield>
   <subfield code="b">port.; </subfield>
   <subfield code="c">23cm.</subfield>
  </datafield>
  <datafield tag="600" ind1="1" ind2="0">
   <subfield code="a">Lawrence, D. H. (David Herbert), </subfield>
   <subfield code="d">1885-1930</subfield>
  </datafield>
  <datafield tag="650" ind1="0" ind2="0">
   <subfield code="a">Authors, English -- </subfield>
   <subfield code="x">Biography -- </subfield>
   <subfield code="y">20th century </subfield>
  </datafield>
 </record>
</collection>
